| 000 | 00369nam a2200145Ia 4500 | ||
|---|---|---|---|
| 008 | 210716s2004 xx 000 0 und d | ||
| 041 | _aeng | ||
| 082 | _a658.802 RAHK | ||
| 100 | _aRahman, K S Habeeb Ur. | ||
| 245 | _aRural marketing in india. | ||
| 250 | _a1 | ||
| 260 |
_aNew Delhi _bHimalaya Publishing House _c2004 |
||
| 300 | _a225 | ||
| 650 | _aRural Marketing | ||
| 999 |
_c199765 _d199765 |
||